All WWE Money in the Bank Ladder Match Participants - Statistics

General Stats
  • This quiz has been taken 3,145 times
    831 since last reset
  • The average score is 62 of 114
Answer Stats
Matches Last Match Wrestler % Correct
4 2025 Seth Rollins
91%
1 2012 John Cena
89%
7 2015 Kane
89%
3 2010 Edge
88%
4 2013 CM Punk
87%
4 2018 The Miz
87%
5 2019 Randy Orton
86%
3 2016 Dean Ambrose
85%
2 2020 Rey Mysterio
84%
1 2015 Roman Reigns
82%
7 2018 Kofi Kingston
81%
3 2018 Charlotte Flair
80%
4 2022 Sheamus
79%
5 2016 Chris Jericho
78%
6 2017 Dolph Ziggler
78%
6 2024 Drew McIntyre
78%
1 2007 Jeff Hardy
78%
4 2010 Matt Hardy
78%
2 2012 The Big Show
78%
1 2019 Brock Lesnar
77%
6 2013 Christian
75%
3 2020 Daniel Bryan
75%
1 2021 Big E
74%
4 2013 Cody Rhodes
74%
1 2006 Ric Flair
74%
2 2020 AJ Styles
73%
1 2023 Damian Priest
72%
1 2024 Jey Uso
72%
2 2016 Alberto Del Rio
71%
5 2023 Becky Lynch
71%
4 2021 Kevin Owens
71%
5 2010 Shelton Benjamin
70%
1 2020 Otis
69%
3 2014 Rob Van Dam
69%
3 2022 Sami Zayn
69%
3 2022 Asuka
68%
2 2023 Bayley
68%
5 2025 Naomi
68%
4 2014 Jack Swagger
67%
4 2025 Alexa Bliss
65%
1 2018 Braun Strowman
65%
2 2019 Finn Balor
65%
2 2022 Liv Morgan
65%
3 2025 LA Knight
64%
2 2008 Mr. Kennedy
64%
1 2025 Rhea Ripley
64%
3 2020 Baron Corbin
63%
4 2020 Carmella
62%
3 2021 John Morrison
61%
1 2006 Bobby Lashley
60%
2 2016 Cesaro
60%
1 2020 Nia Jax
60%
2 2010 Mark Henry
59%
1 2018 Sasha Banks
59%
1 2024 Tiffany Stratton
59%
1 2023 Iyo Sky
58%
2 2013 Wade Barrett
57%
2 2013 Damien Sandow
56%
3 2023 Shinsuke Nakamura
56%
1 2022 Austin Theory
55%
3 2010 MVP
55%
1 2011 R-Truth
54%
3 2025 Andrade
52%
1 2023 Logan Paul
52%
1 2005 Chris Benoit
51%
3 2009 Finlay
50%
1 2008 Carlito
49%
5 2021 Natalya
48%
3 2023 Ricochet
48%
1 2025 Solo Sikoa
48%
1 2018 Rusev
47%
1 2024 Chad Gable
46%
1 2025 El Grande Americano
46%
1 2019 Mustafa Ali
45%
1 2025 Penta
45%
2 2012 Sin Cara
43%
2 2021 Nikki A.S.H.
42%
1 2007 King Booker
41%
3 2011 Evan Bourne
40%
1 2020 Aleister Black
39%
1 2011 Heath Slater
39%
1 2025 Roxanne Perez
39%
1 2024 Chelsea Green
38%
1 2022 Raquel Rodriguez
37%
1 2010 Ted DiBiase
36%
1 2011 Justin Gabriel
35%
1 2012 Santino Marella
35%
1 2020 Shayna Baszler
35%
1 2025 Stephanie Vaquer
35%
1 2018 Samoa Joe
34%
3 2021 Tamina Snuka
34%
1 2023 Trish Stratus
34%
2 2022 Matt Riddle
31%
1 2015 Neville
30%
1 2022 Omos
30%
1 2024 Carmelo Hayes
29%
1 2019 Mandy Rose
29%
1 2018 Bobby Roode
28%
1 2025 Giulia
27%
1 2012 Tyson Kidd
24%
1 2011 Alex Riley
23%
2 2022 Lacey Evans
23%
2 2024 Zoey Stark
23%
1 2023 Butch
22%
2 2023 Zelina Vega
22%
2 2019 Ember Moon
21%
1 2024 Lyra Valkyria
21%
1 2023 Santos Escobar
20%
2 2020 Dana Brooke
18%
1 2013 Fandango
18%
1 2012 Tensai
17%
1 2018 Lana
16%
1 2022 Madcap Moss
16%
1 2022 Shotzi
13%
No matching quizzes found
Score Distribution
Percent of People with Each Score
Percentile by Number Answered
Your Score History
You have not taken this quiz since the last reset